Statistics for The Initial Quiz - Harry Potter - Extremely Hard

Click here to take the quiz!

General Stats

  • This quiz has been taken 283 times
  • The average score is 17 of 38

Answer Stats

HintAnswer% Correct
LLLuna Lovegood
85%
SSSeverus Snape
81%
MMMinerva McGonagall
77%
GGGregory Goyle
70%
BBBathilda Bagshot
69%
DDDudley Dursley
68%
SSSalazar Slytherin
68%
QQQuirinus Quirrell
67%
RRRowena Ravenclaw
67%
FFFilius Flitwick
66%
GGGodric Gryffindor
66%
HHHelga Hufflepuff
66%
PPPeter Pettigrew
66%
PPPansy Parkinson
63%
CCCho Chang
62%
PPPadma Patil
62%
PPParvati Patil
62%
PPPoppy Pomfrey
56%
DDDedalus Diggle
54%
CCColin Creevey
53%
GGGellert Grindelwald
43%
TTTed Tonks
42%
WWWilliam Weasley
38%
SSStan Shunpike
31%
PPPiers Polkiss
29%
BBBroderick Bode
27%
FFFlorean Fortescue
25%
MMMadam Malkin
21%
BBBertie Bott
18%
BBBathsheda Babbling
16%
MMMarlene McKinnon
15%
WWWilly Widdershins
13%
DDDilys Derwent
11%
MMMadam Marsh
7%
GGGladys Gudgeon
6%
VVVindictus Viridian
5%
AAArkie Alderton
4%
MMMorag MacDougal
4%

Score Distribution

Percentile by Number Answered

Percent of People with Each Score

Your Score History

You have not taken this quiz